| 000 | 00621nam a22001937a 4500 | ||
|---|---|---|---|
| 005 | 20250801144120.0 | ||
| 010 | _aENG-146301 | ||
| 020 |
_a9789391091958 _c499.00 |
||
| 035 | _aEN-129833 | ||
| 037 | _bDBAD | ||
| 082 | _a881 | ||
| 100 |
_aAnand, Jernail Singh _983604 |
||
| 245 |
_aSUFFERING'S FAVOURITE [EPIC]/ _cJernail Singh Anand |
||
| 250 | _a01 | ||
| 260 |
_aharyana _bThe Poetry Society Of India _c2025 |
||
| 270 |
_aH-23/16, DLF Phase-I, GURUGRAM, Haryana _bGURUGRAM _mthepoetrysoindia@gmail.com _mmgwebguru@gmail.com _e122002 |
||
| 300 |
_a99p. _c21cm(pbk) |
||
| 942 |
_2ddc _cEN _h881 _mANA _e01 |
||
| 999 |
_c212794 _d212794 |
||